000 00912nam a2200205 i 4500
001 181145
003 ES-MaACL
005 20250808084010.0
008 121024s1911 sp |||| | spa d
100 1 _aBallesteros Beretta, Antonio,
_d1880-1949
_925050
245 1 4 _aLas Cortes de 1252 /
_cpor Antonio Ballesteros.
260 _a[Madrid :
_bJunta para Ampliación de Estudios e Investigaciones Científicas,
_c1911] (
_eMadrid :
_fImp. de Fortanet)
300 _aP. 114-143 ;
_c23 cm.
490 1 _aAnales de la Junta para Ampliación de Estudios e Investigaciones Científicas ;
_v3
650 0 7 _aDerecho-
_zCastilla (Reino)
_2
_9165029
710 2 _aJunta para la Ampliación de Estudios e Investigaciones Científicas.
_95413
830 0 _aAnales de la Junta para Ampliación de Estudios e Investigaciones Científicas ;
_v3
_9186710
852 _aES-MaACL
_jB-13159(3)
999 _c181145
_d181145